Statistics for Asian Geography By Letter - B

Click here to take the quiz!

General Stats

  • This quiz has been taken 34,866 times
    (34,184 since last reset)
  • The average score is 17 of 22

Answer Stats

ClueAnswer% Correct
City once called PekingBeijing
97%
Capital of ThailandBangkok
94%
Iraqi capitalBaghdad
93%
Another name for MyanmarBurma
93%
Small Himalayan countryBhutan
90%
Capital of LebanonBeirut
85%
Small island country near Saudi ArabiaBahrain
84%
Indonesian island filled with resortsBali
84%
Former name of MumbaiBombay
83%
Strait between Russia and AlaskaBering Strait
82%
... and 1% this countryBrunei
81%
Bay into which the Ganges flowsBay of {Bengal}
80%
Sea into which Crimea jutsBlack Sea
80%
Many of Asia's largest statues
depict this guy
Buddha
79%
Island which is 73% Indonesian
and 26% Malaysian
Borneo
70%
Term for a Middle Eastern marketplaceBazaar
68%
Azerbaijani capitalBaku
67%
75% of this country is less than
16 feet above sea level
Bangladesh
63%
Ancient capital near the aboveBabylon
62%
Strait between Europe and Asia
at Istanbul
Bosphorus
55%
Capital of KyrgyzstanBishkek
47%
South Korea's second cityBusan
46%

Score Distribution

Percentile by Number Answered

Percent of People with Each Score

Your Score History

You have not taken this quiz since the last reset